| 000 | 01644nam a2200301Ia 4500 | ||
|---|---|---|---|
| 003 | PE SENCICO BE | ||
| 005 | 20251020182429.0 | ||
| 008 | 200515s9999 xx 000 0 und d | ||
| 020 | _a978-84-92735-76-1 | ||
| 040 |
_aPE SENCICO BE _cPE SENCICO BE |
||
| 041 | _aspa | ||
| 082 |
_a363.117 _bM26 |
||
| 100 | 1 |
_aMartinez Pascual, Juan Ramón _92478 _eautor |
|
| 245 | 1 | 0 |
_aTrabajos en altura : _bseguridad y uso de EPI contra caídas / _cJuan Ramón Martínez Pascual |
| 250 | _a[1a ed.] | ||
| 260 |
_aMadrid : _bFundación Confemetal ; _c[2011] |
||
| 300 |
_a143 p. : _bil., tbl. ; _c23 cm. |
||
| 505 | 0 | _aConceptos básicos de seguridad relacionados con el trabajo realizado en altura -- Los EPI fundamentales para el trabajo en altura -- Contenidos específicos: utilización de EPI según estructura del lugar de trabajo -- Técnicas específicas -- Emergencia en altura, evacuación y rescate -- Índice de términos y siglas utilizados -- Soluciones a los cuestionarios de evaluación | |
| 520 | 3 | _aPresenta soluciones prácticas tanto para el que trabaja en altura como para el que organiza y planifica el trabajo y la seguridad de los demás. Cada capítulo incluye, asimismo, una relación de objetivos específicos, ejercicios de autoevaluación y recordatorios sobre datos de especial relevancia. | |
| 650 | 1 | 0 |
_aSeguridad industrial _996 |
| 650 | 2 | 0 |
_aEmpleos peligrosos _92479 |
| 650 | 2 | 0 |
_aAccidentes de trabajo _9348 |
| 650 | 2 | 0 |
_aMedidas de seguridad _92480 |
| 650 | 2 | 0 |
_aRiesgos laborales _9610 |
| 650 | 2 | 0 |
_aTrabajos en altura _92481 |
| 650 | 2 | 0 |
_aEPI (Equipos de protección individual) _92482 |
| 942 |
_cLIB _2ddc |
||
| 999 |
_c201 _d201 |
||